[Event "RUS-ch Men Blitz 2019"]
[Site "Sochi"]
[Date "2019.10.17"]
[Round "14.8"]
[White "Triapishko, Alexandr"]
[Black "Timofeev, Artyom"]
[Result "0-1"]
[WhiteElo "2514"]
[BlackElo "2595"]
[Annotator "ChessBase"]
[PlyCount "128"]
[EventDate "2019.10.17"]
[EventType "swiss"]
[EventCountry "RUS"]
[SourceTitle "playchess.com"]
[Source "ChessBase"]
[SourceQuality "1"]
[TimeControl "180+2"]

1. Nf3 {[%emt 0:00:00]} d6 {[%emt 0:00:03]} 2. d4 {[%emt 0:00:21]} Nf6 {[%emt 0:00:02]} 3. g3 {[%emt 0:00:03]} c5 {[%emt 0:00:02]} 4. Bg2 {[%emt 0:00:07]} Nbd7 {[%emt 0:00:05]} 5. O-O {[%emt 0:00:08]} g6 {[%emt 0:00:01]} 6. b3 {[%emt 0:00:11]} Bg7 7. Bb2 O-O {[%emt 0:00:04]} 8. c4 {[%emt 0:00:03]} a6 {[%emt 0:00:02]} 9. Nc3 {[%emt 0:00:23]} Rb8 {[%emt 0:00:01]} 10. a4 {[%emt 0:00:26]} cxd4 {[%emt 0:00:20]} 11. Nxd4 {[%emt 0:00:01]} Ne5 {[%emt 0:00:01]} 12. a5 {[%emt 0:00:13]} Bd7 {[%emt 0:00:02]} 13. Nd5 {[%emt 0:00:21]} Re8 {[%emt 0:00:04]} 14. Nb6 {[%emt 0:00:03]} Nc6 {[%emt 0:00:14]} 15. Qd2 {[%emt 0:00:11]} Nxd4 {[%emt 0:00:05]} 16. Bxd4 {[%emt 0:00:02]} Bc6 {[%emt 0:00:01]} 17. Rfd1 {[%emt 0:00:08]} Bxg2 18. Kxg2 Qc7 {[%emt 0:00:04]} 19. Qd3 {[%emt 0:00:04]} Nd7 {[%emt 0:00:27]} 20. Nd5 {[%emt 0:00:10]} Qc6 {[%emt 0:00:02]} 21. Bxg7 {[%emt 0:00:06]} Kxg7 {[%emt 0:00:01]} 22. Qf3 {[%emt 0:00:09]} Ne5 {[%emt 0:00:04]} 23. Qe4 {[%emt 0:00:19]} f5 {[%emt 0:00:03]} 24. Qh4 {[%emt 0:00:13]} e6 {[%emt 0:00:09]} 25. Qf6+ {[%emt 0:00:02]} Kg8 {[%emt 0:00:00]} 26. e4 {[%emt 0:00:03]} exd5 {[%emt 0:00:04]} 27. Rxd5 {[%emt 0:00:01]} Ng4 {[%emt 0:00:12]} 28. Qc3 {[%emt 0:00:04]} fxe4 {[%emt 0:00:04]} 29. Re1 {[%emt 0:00:02]} Re5 {[%emt 0:00:07]} 30. Qd4 {[%emt 0:00:03]} Rxd5 {[%emt 0:00:09]} 31. cxd5 {[%emt 0:00:01]} Qc2 {[%emt 0:00:01]} 32. Rxe4 {[%emt 0:00:03]} Ne5 {[%emt 0:00:07]} 33. Qe3 {[%emt 0:00:01]} Rf8 {[%emt 0:00:04]} 34. Rf4 {[%emt 0:00:03]} Qd3 {[%emt 0:00:17]} 35. Rxf8+ {[%emt 0:00:01]} Kxf8 {[%emt 0:00:00]} 36. Qf4+ {[%emt 0:00:03]} Kg7 {[%emt 0:00:01]} 37. Qg5 {[%emt 0:00:02]} Qxd5+ {[%emt 0:00:01]} 38. Kf1 {[%emt 0:00:01]} Qh1+ {[%emt 0:00:08]} 39. Ke2 {[%emt 0:00:01]} Qf3+ {[%emt 0:00:01]} 40. Kf1 {[%emt 0:00:01]} Qf6 {[%emt 0:00:01]} 41. Qd2 {[%emt 0:00:01]} Nc6 {[%emt 0:00:02]} 42. Qd5 {[%emt 0:00:03]} Qe5 {[%emt 0:00:01]} 43. Qf3 {[%emt 0:00:03]} Qxa5 {[%emt 0:00:07]} 44. Qg4 {[%emt 0:00:02]} Qf5 {[%emt 0:00:02]} 45. Qh4 {[%emt 0:00:01]} Qf6 {[%emt 0:00:01]} 46. Qg4 {[%emt 0:00:01]} Ne5 {[%emt 0:00:01]} 47. Qc8 {[%emt 0:00:01]} Qe7 {[%emt 0:00:01]} 48. Qc3 {[%emt 0:00:02]} Kg8 {[%emt 0:00:01]} 49. f4 {[%emt 0:00:02]} Nf7 {[%emt 0:00:02]} 50. Kf2 {[%emt 0:00:03]} Qd7 {[%emt 0:00:08]} 51. Qd4 {[%emt 0:00:04]} Qe6 {[%emt 0:00:05]} 52. b4 {[%emt 0:00:01]} b5 {[%emt 0:00:05]} 53. Qb6 {[%emt 0:00:02]} Qc4 {[%emt 0:00:02]} 54. Qxa6 {[%emt 0:00:02]} Qc2+ {[%emt 0:00:05]} 55. Kg1 {[%emt 0:00:02]} Qd1+ {[%emt 0:00:17]} 56. Kg2 {[%emt 0:00:01]} Qe2+ {[%emt 0:00:01]} 57. Kg1 {[%emt 0:00:00]} Qe3+ {[%emt 0:00:03]} 58. Kg2 {[%emt 0:00:01]} Qd2+ {[%emt 0:00:02]} 59. Kg1 {[%emt 0:00:01]} Qd3 {[%emt 0:00:03]} 60. Qc8+ {[%emt 0:00:05]} Kg7 {[%emt 0:00:01]} 61. Qd7 {[%emt 0:00:04]} d5 {[%emt 0:00:03]} 62. Qe7 {[%emt 0:00:03]} d4 {[%emt 0:00:02]} 63. Qd7 {[%emt 0:00:02]} Qe3+ {[%emt 0:00:02]} 64. Kg2 {[%emt 0:00:01]} d3 {[%emt 0:00:01]} 0-1

[Event "RUS-ch Men Blitz 2019"]
[Site "Sochi"]
[Date "2019.10.17"]
[Round "14.9"]
[White "Kokarev, Dmitry"]
[Black "Mikhailovsky, Vladimir"]
[Result "1-0"]
[WhiteElo "2593"]
[BlackElo "2209"]
[Annotator "RC"]
[PlyCount "156"]
[EventDate "2019.10.17"]
[EventType "swiss"]
[EventCountry "RUS"]
[SourceTitle "playchess.com"]
[Source "ChessBase"]
[SourceQuality "1"]
[TimeControl "180+2"]

1. e4 {[%emt 0:00:00]} Nf6 {[%emt 0:00:00]} 2. e5 {[%emt 0:00:02]} Nd5 {[%emt 0:00:01]} 3. d4 {[%emt 0:00:02]} d6 {[%emt 0:00:01]} 4. Nf3 {[%emt 0:00:01]} Bg4 {[%emt 0:00:03]} 5. Be2 {[%emt 0:00:02]} e6 {[%emt 0:00:03]} 6. c4 {[%emt 0:00:02]} Nb6 {[%emt 0:00:01]} 7. O-O {[%emt 0:00:05]} Be7 {[%emt 0:00:03]} 8. h3 {[%emt 0:00:04]} Bh5 {[%emt 0:00:02]} 9. Nc3 {[%emt 0:00:03]} O-O {[%emt 0:00:02]} 10. Be3 {[%emt 0:00:03]} Nc6 {[%emt 0:00:02]} 11. exd6 {[%emt 0:00:03]} cxd6 {[%emt 0:00:02]} 12. d5 {[%emt 0:00:05]} exd5 {[%emt 0:00:15]} 13. Nxd5 {[%emt 0:00:04]} Nxd5 {[%emt 0:00:08]} 14. Qxd5 {[%emt 0:00:03]} Bg6 {[%emt 0:00:06]} 15. Rad1 {[%emt 0:00:15]} Bf6 {[%emt 0:00:20]} 16. b3 {[%emt 0:00:05]} Nb4 {[%emt 0:00:18]} 17. Qd2 {[%emt 0:00:20]} Qa5 {[%emt 0:00:07]} 18. Nd4 {[%emt 0:00:05]} Qxa2 {[%emt 0:00:49]} 19. Qxb4 {[%emt 0:00:18]} Bxd4 {[%emt 0:00:02]} 20. Rd2 {[%emt 0:00:01]} Bc5 {[%emt 0:00:00]} 21. Rxa2 {[%emt 0:00:19]} Bxb4 {[%emt 0:00:02]} 22. Bf3 {[%emt 0:00:01]} a5 {[%emt 0:00:07]} 23. Bxb7 {[%emt 0:00:05]} Rab8 {[%emt 0:00:01]} 24. Bd5 {[%emt 0:00:08]} Bc3 {[%emt 0:00:07]} 25. Rc1 {[%emt 0:00:08]} Bb4 {[%emt 0:00:30]} 26. Ba7 {[%emt 0:00:02]} Rbe8 {[%emt 0:00:17]} 27. Bb6 {[%emt 0:00:02]} Rb8 {[%emt 0:00:01]} 28. Bxa5 {[%emt 0:00:11]} Bxa5 29. Rxa5 {[%emt 0:00:01]} h6 {[%emt 0:00:18]} 30. Rc3 {[%emt 0:00:11]} Rfe8 {[%emt 0:00:02]} 31. Rb5 {[%emt 0:00:06]} Re1+ {[%emt 0:00:04]} 32. Kh2 {[%emt 0:00:01]} Rbe8 {[%emt 0:00:01]} 33. Rb7 {[%emt 0:00:08]} R8e2 {[%emt 0:00:05]} 34. Rf3 {[%emt 0:00:02]} Re7 {[%emt 0:00:04]} 35. Rxe7 {[%emt 0:00:02]} Rxe7 {[%emt 0:00:01]} 36. b4 {[%emt 0:00:01]} Re8 37. b5 {[%emt 0:00:04]} Rb8 {[%emt 0:00:05]} 38. Ra3 {[%emt 0:00:09]} Kf8 {[%emt 0:00:01]} 39. Ra7 {[%emt 0:00:02]} Ke8 {[%emt 0:00:02]} 40. Kg3 {[%emt 0:00:02]} Kf8 {[%emt 0:00:03]} 41. Kf4 {[%emt 0:00:02]} f6 {[%emt 0:00:01]} 42. Ke3 {[%emt 0:00:05]} Be8 {[%emt 0:00:01]} 43. Kd4 {[%emt 0:00:07]} g5 {[%emt 0:00:02]} 44. Ra6 {[%emt 0:00:08]} Ke7 {[%emt 0:00:02]} 45. Ra7+ {[%emt 0:00:04]} Kd8 {[%emt 0:00:02]} 46. Rh7 {[%emt 0:00:08]} h5 {[%emt 0:00:01]} 47. Bc6 {[%emt 0:00:05]} Bxc6 48. bxc6 {[%emt 0:00:01]} Rb1 {[%emt 0:00:07]} 49. c7+ {[%emt 0:00:04]} Kc8 {[%emt 0:00:00]} 50. Kd5 {[%emt 0:00:01]} Rb6 {[%emt 0:00:04]} 51. Rf7 {[%emt 0:00:05]} Kb7 {[%emt 0:00:02]} 52. Rxf6 {[%emt 0:00:05]} Kxc7 {[%emt 0:00:02]} 53. Rf7+ {[%emt 0:00:00]} Kd8 {[%emt 0:00:01]} 54. Rf5 {[%emt 0:00:02]} Rb2 {[%emt 0:00:01]} 55. Kxd6 {[%emt 0:00:04]} Rd2+ {[%emt 0:00:03]} 56. Ke6 {[%emt 0:00:02]} Kc7 57. Kf6 {[%emt 0:00:03]} g4 {[%emt 0:00:02]} 58. hxg4 {[%emt 0:00:01]} hxg4 {[%emt 0:00:01]} 59. g3 {[%emt 0:00:01]} Kd6 {[%emt 0:00:03]} 60. Kg5 {[%emt 0:00:02]} Ke6 {[%emt 0:00:04]} 61. Rf4 {[%emt 0:00:02]} Ke5 {[%emt 0:00:03]} 62. Kxg4 {[%emt 0:00:02]} Rd8 {[%emt 0:00:00]} 63. Rf5+ {[%emt 0:00:02]} Ke4 {[%emt 0:00:01]} 64. Rf4+ {[%emt 0:00:02]} Ke5 {[%emt 0:00:00]} 65. Kf3 {[%emt 0:00:01]} Rd3+ {[%emt 0:00:01]} 66. Kg2 {[%emt 0:00:03]} Rc3 {[%emt 0:00:01]} 67. Rh4 {[%emt 0:00:01]} Kf5 {[%emt 0:00:00]} 68. Rh5+ {[%emt 0:00:03]} Kg4 {[%emt 0:00:03]} 69. Rh8 {[%emt 0:00:05]} Kg5 {[%emt 0:00:05]} 70. Rc8 {[%emt 0:00:02]} Kg4 {[%emt 0:00:01]} 71. c5 {[%emt 0:00:02]} Kf5 {[%emt 0:00:01]} 72. c6 {[%emt 0:00:01]} Ke6 {[%emt 0:00:02]} 73. f4 {[%emt 0:00:03]} Rc1 {[%emt 0:00:03]} 74. f5+ {[%emt 0:00:06]} Kd6 {[%emt 0:00:05]} 75. g4 {[%emt 0:00:02]} Rc3 {[%emt 0:00:04]} 76. Kf2 {[%emt 0:00:01]} Ra3 {[%emt 0:00:02]} 77. f6 {[%emt 0:00:06]} Ke6 {[%emt 0:00:04]} 78. c7 {[%emt 0:00:02]} Kd5 1-0

[Event "RUS-ch Men Blitz 2019"]
[Site "Sochi"]
[Date "2019.10.17"]
[Round "14.10"]
[White "Lugovskoy, Maxim"]
[Black "Golubov, Saveliy"]
[Result "0-1"]
[WhiteElo "2436"]
[BlackElo "2469"]
[Annotator "TA"]
[PlyCount "78"]
[EventDate "2019.10.17"]
[EventType "swiss"]
[EventCountry "RUS"]
[SourceTitle "playchess.com"]
[Source "ChessBase"]
[SourceQuality "1"]

{[%evp 10,78,25,6,11,0,20,-14,-7,-17,-21,-8,-18,-14,-9,-14,-13,-15,-14,-24,-33,-89,-85,-135,-106,-124,-54,-56,-48,-69,-80,-72,-68,-74,-43,-119,-110,-174,-185,-248,-247,-246,-245,-239,-154,-140,-142,-1454,-1444,-2303,-2343,-1454,-746,-860,-770,-1784,-1660,-2103,-1846,-2064,-1795,-4706,-1323,-5915,-945,-29975,-29976,-29976,-29979,-29976,-5624]} 1. e4 g6 2. d4 Bg7 3. Nc3 d6 4. Bg5 Nf6 5. f4 O-O 6. Nf3 c5 {B07: Pirc Defence: Miscellaneous Systems} 7. dxc5 Qa5 8. Bxf6 (8. Qd2 Qxc5 9. O-O-O Nc6 10. Kb1 b5 11. e5 dxe5 12. fxe5 Nxe5 13. Nxe5 Qxe5 14. Bf4 {½-½ (45) Vokhidov,S (2480)-Timofeev,A (2589) St Petersburg 2018}) 8... Bxf6 {The position is equal.} 9. cxd6 Bxc3+ 10. bxc3 Qxc3+ 11. Kf2 Qc5+ $146 ({Predecessor:} 11... exd6 12. Rb1 Re8 13. Bd3 Qc5+ 14. Kg3 {½-½ (100) Manakov,M (2289)-Einwiller,B (2193) Wuerttemberg 2011}) 12. Qd4 Qxc2+ 13. Be2 Nc6 14. Qe3 exd6 15. Rac1 ({White should try} 15. Rhc1 $15 Qa4 16. Nd2) 15... Qxa2 $17 16. f5 Qb2 17. Rc3 Qb6 (17... Re8 $1 $17 {And now ...Bxf5! would win.} 18. Nd2 Bxf5 $1 {[%mdl 512]}) 18. Qxb6 $15 axb6 19. Rb1 gxf5 20. exf5 Bxf5 21. Rxb6 Ra2 22. Re3 (22. Rxb7 $15 Be4 23. Rb6) 22... d5 $17 {Threatens to win with ...d4.} 23. Nh4 (23. Reb3 $17 {might work better.}) 23... d4 $19 24. Rg3+ (24. Reb3 $142 Be6 25. Rb2) 24... Bg6 $1 25. Kf1 Re8 26. Nxg6 Ra1+ 27. Kf2 {Nf4+ is the strong threat.} hxg6 28. Rxb7 $2 {[%mdl 8192]} (28. Rgb3 $17) 28... Ra2 29. Rf3 Raxe2+ 30. Kg3 R2e7 31. Rb6 Ne5 32. Rf4 Rd8 33. Rb1 d3 34. Rd1 d2 35. Re4 f6 36. Re2 Red7 37. h4 Rd3+ {Black mates.} 38. Kh2 Ng4+ 39. Kg1 Ne3 {Accuracy: White = 22%, Black = 75%.} (39... Rc3 $142 40. Kf1 {[#]} Rc1 $1 {[%mdl 512]} 41. Rexd2 Rxd1+ 42. Rxd1 Rxd1+ 43. Ke2 Rb1 44. Kf3 Ne5+ 45. Kg3 Rb2 46. Kf4 Rxg2 47. Ke4 Rg4+ 48. Ke3 f5 49. Kd2 f4 50. h5 gxh5 51. Kc3 f3 52. Kd2 f2 53. Ke2 Rf4 54. Kd2 f1=Q 55. Kc3 Qc4+ 56. Kd2 Rf2+ 57. Ke3 Ng4#) 0-1

[Event "RUS-ch Men Blitz 2019"]
[Site "Sochi"]
[Date "2019.10.17"]
[Round "14.11"]
[White "Khismatullin, Denis"]
[Black "Vastrukhin, Oleg"]
[Result "1-0"]
[WhiteElo "2611"]
[BlackElo "2428"]
[Annotator "TA"]
[PlyCount "63"]
[EventDate "2019.10.17"]
[EventType "swiss"]
[EventCountry "RUS"]
[SourceTitle "playchess.com"]
[Source "ChessBase"]
[SourceQuality "1"]

{[%evp 9,63,12,20,-4,14,-1,-3,-7,0,-11,-10,-18,-7,-5,0,-54,-41,-43,-39,-35,0,-30,53,47,53,60,55,0,50,18,183,168,242,231,369,333,317,141,136,66,439,420,827,824,29983,29984,29993,29994,29994,29995,29996,5464,29997,29998,29998,29999]} 1. b3 ({Predecessor:} 1. Nf3 d5 2. b3 Bg4 3. e3 Nd7 4. Bb2 {0-1 (51) Viana,D (2211)-Baeta,M (1987) Rio de Janeiro 2017}) 1... Nf6 2. Bb2 d5 3. Nf3 Bg4 4. e3 Nbd7 5. h3 Bh5 6. g4 {A06: Réti Opening:1 Nf3 d5} Bg6 7. Nh4 $146 (7. g5 Ne4 8. h4 Bh5 9. d3 Nd6 10. Be2 h6 11. Nbd2 e6 12. Rg1 hxg5 13. hxg5 Bg6 {½-½ (62) Artemiev,V (2757)-Jakovenko,D (2704) Izhevsk 2019}) 7... e5 8. Nxg6 {The position is equal.} hxg6 9. Bg2 c6 10. d3 Bd6 11. Nd2 Qe7 12. a3 ({Better is} 12. c4 $11) 12... O-O-O 13. Qe2 Kb8 14. b4 e4 15. dxe4 (15. g5 $5 {[%cal Rg5f6]} Ne8 16. dxe4 $11) 15... dxe4 (15... Be5 $11 16. c3 Nxe4 17. Nxe4 dxe4) 16. g5 $14 Nd5 17. Nxe4 Be5 18. Bxe5+ Qxe5 19. O-O Rh4 $2 (19... f5 $11 20. gxf6 N7xf6) 20. f4 $36 {[%mdl 2048] White is on the roll.} Qe6 (20... Qe7 $142) 21. c4 Ne7 (21... Nc7 $142 22. Rad1 Rhh8) 22. Rad1 $18 Nf5 23. b5 (23. Rd3 $18 {is more deadly.}) 23... cxb5 $16 24. cxb5 ({White should try} 24. Rd5 $16) 24... Rdh8 $2 {[%mdl 8192]} (24... Rhh8 $1 $14) 25. Qf3 $18 R4h7 {[#]} (25... Qe7 $142 26. Rd5 f6) 26. Nf6 $1 {[%csl Gg2][%cal Rf3b7,Be4f6,Bf6d7,Bd7c5][%mdl 608] Discovered Attack} Nc5 {[#]} (26... Nxf6 27. Qxb7#) 27. Nd7+ $1 {[%mdl 576] Double Attack} Ka8 (27... Nxd7 28. Qxb7#) 28. Nxc5 {[%csl Gc5,Gg2][%cal Rf3b7]} Qxe3+ 29. Qxe3 Nxe3 30. Bxb7+ Kb8 {[#]} 31. Rd7 $1 {[%cal Rc5a6]} a5 {[#]} 32. b6 $1 {Accuracy: White = 51%, Black = 11%.} 1-0

[Event "RUS-ch Men Blitz 2019"]
[Site "Sochi"]
[Date "2019.10.17"]
[Round "14.12"]
[White "Morozevich, Alexander"]
[Black "Sysolyatin, Evgeny"]
[Result "1-0"]
[WhiteElo "2659"]
[BlackElo "2271"]
[Annotator "TA"]
[PlyCount "91"]
[EventDate "2019.10.17"]
[EventType "swiss"]
[EventCountry "RUS"]
[SourceTitle "playchess.com"]
[Source "ChessBase"]
[SourceQuality "1"]

{[%evp 14,91,2,-32,4,0,10,14,60,36,34,43,70,56,62,61,75,60,58,52,52,56,50,51,55,47,49,51,56,39,33,36,51,29,19,0,0,0,31,29,41,41,56,47,57,47,62,46,156,114,114,108,115,102,606,310,1360,264,596,552,29963,29967,29963,29967,29967,29968,29971,29972,29972,29973,29973,29974,29974,29976,29976,29977,29977,29978,29975,29975]} 1. e4 e5 2. Nf3 Nc6 3. d4 exd4 4. Nxd4 Nf6 5. Nxc6 bxc6 6. e5 Qe7 7. Qe2 Nd5 8. h4 h5 {C45: Scotch Game} (8... a5 9. c4 Ba6 10. b3 f6 11. exf6 Nxf6 12. Nc3 O-O-O 13. Bb2 Qd6 14. Rh3 Re8 15. Re3 Rxe3 16. Qxe3 {½-½ (28) Swiercz,D (2648)-Melkumyan,H (2653) Saint Louis 2019}) 9. c4 $146 ({Predecessor:} 9. Bg5 f6 10. exf6 Qxe2+ 11. Bxe2 Nxf6 12. Nd2 Rb8 13. O-O-O d5 14. Rhe1 Kf7 15. f3 Bd6 16. Nf1 {½-½ (28) Arauz Alonso,F (2118)-Rebollo Palos,I (1838) Mostoles 2018}) 9... Nb6 10. Nc3 d6 {The position is equal.} 11. exd6 (11. c5 $5 dxc5 12. Bg5 $14) 11... Qxe2+ 12. Bxe2 cxd6 13. Bf3 Bb7 14. b3 O-O-O 15. Be3 d5 16. cxd5 Bb4 17. Rc1 Nxd5 18. Bxd5 {Hoping for Bc4.} Rxd5 19. O-O Bxc3 20. Rxc3 a6 21. Bc5 Re8 22. b4 Re4 23. f3 Re2 24. Re3 Rxe3 25. Bxe3 $11 {[%mdl 4096] Endgame KRB-KRB} Rd3 26. Re1 Kd7 27. Bc5 {aiming for Re7+.} Kc8 28. a4 {[%cal Ba2a4,Ba4a5][%mdl 32]} Rd5 29. a5 Rd3 30. Kf2 Ba8 ({Black should try} 30... Kd8 $14) 31. Kg3 Rd5 32. Kf4 Bb7 33. g4 g6 $2 {[%mdl 8192]} (33... Kd8 $16) 34. Re7 Rd7 $2 (34... hxg4 35. Rxf7 gxf3 36. Kxf3 Rh5) 35. Re5 $2 (35. Rxd7 Kxd7 36. gxh5 gxh5 37. Kg5) 35... Rd5 $2 (35... Kc7 {is a better chance.} 36. Bb6+ Kd6 37. Bc5+ Kc7 38. Bb6+ Kd6) 36. Re8+ $18 Rd8 {[#]} 37. Rxd8+ $1 {White mates.} Kxd8 38. gxh5 gxh5 {KB-KB} 39. Kg5 Kd7 40. Kxh5 Ke6 41. Kg5 Bc8 42. h5 f6+ 43. Kg6 Ke5 {[#]} 44. f4+ $1 {[%mdl 512]} Kxf4 45. Kxf6 Bf5 46. h6 {Accuracy: White = 43%, Black = 31%.} 1-0

[Event "RUS-ch Men Blitz 2019"]
[Site "Sochi"]
[Date "2019.10.17"]
[Round "14.13"]
[White "Volovich, Vasily"]
[Black "Nozdrachev, Vladislav"]
[Result "0-1"]
[WhiteElo "2120"]
[BlackElo "2494"]
[Annotator "RC"]
[PlyCount "80"]
[EventDate "2019.10.17"]
[EventType "swiss"]
[EventCountry "RUS"]
[SourceTitle "playchess.com"]
[Source "ChessBase"]
[SourceQuality "1"]
[TimeControl "180+2"]

1. e4 {[%emt 0:00:00]} e5 {[%emt 0:00:00]} 2. Nf3 {[%emt 0:00:01]} Nc6 {[%emt 0:00:00]} 3. Nc3 {[%emt 0:00:02]} Bc5 {[%emt 0:00:08]} 4. Bb5 {[%emt 0:00:14]} Nd4 {[%emt 0:00:26]} 5. Bc4 {[%emt 0:00:01]} d6 {[%emt 0:00:03]} 6. Nxd4 {[%emt 0:00:03]} exd4 {[%emt 0:00:07]} 7. Qf3 {[%emt 0:00:26]} Nf6 {[%emt 0:00:25]} 8. Nd5 {[%emt 0:00:03]} Nxd5 {[%emt 0:00:03]} 9. Bxd5 {[%emt 0:00:02]} O-O {[%emt 0:00:02]} 10. O-O {[%emt 0:00:06]} c6 {[%emt 0:00:00]} 11. Bb3 {[%emt 0:00:01]} a5 {[%emt 0:00:02]} 12. a4 {[%emt 0:00:02]} Kh8 {[%emt 0:00:11]} 13. d3 {[%emt 0:00:07]} f5 {[%emt 0:00:01]} 14. exf5 {[%emt 0:00:07]} Bxf5 {[%emt 0:00:01]} 15. Qg3 {[%emt 0:00:03]} d5 {[%emt 0:00:04]} 16. Bf4 {[%emt 0:00:14]} Qf6 {[%emt 0:00:09]} 17. Be5 {[%emt 0:00:03]} Qf7 {[%emt 0:00:08]} 18. Rae1 {[%emt 0:00:11]} Rae8 {[%emt 0:00:10]} 19. Qh4 {[%emt 0:00:16]} Bb4 {[%emt 0:00:06]} 20. Re2 {[%emt 0:00:20]} c5 {[%emt 0:00:01]} 21. f4 {[%emt 0:00:21]} c4 {[%emt 0:00:03]} 22. dxc4 {[%emt 0:00:05]} d3 {[%emt 0:00:08]} 23. cxd3 {[%emt 0:00:18]} Bxd3 {[%emt 0:00:02]} 24. Qg4 {[%emt 0:00:22]} dxc4 {[%emt 0:00:07]} 25. Bc2 {[%emt 0:00:01]} Bxc2 {[%emt 0:00:03]} 26. Bxg7+ {[%emt 0:00:08]} Qxg7 {[%emt 0:00:01]} 27. Qxg7+ {[%emt 0:00:02]} Kxg7 {[%emt 0:00:01]} 28. Rxc2 {[%emt 0:00:00]} Bc5+ {[%emt 0:00:01]} 29. Kh1 {[%emt 0:00:02]} Rxf4 {[%emt 0:00:01]} 30. Rfc1 {[%emt 0:00:03]} Ree4 {[%emt 0:00:12]} 31. g3 {[%emt 0:00:01]} Rf2 {[%emt 0:00:06]} 32. Rxc4 {[%emt 0:00:03]} Rxc4 {[%emt 0:00:01]} 33. Rxc4 {[%emt 0:00:01]} b6 {[%emt 0:00:01]} 34. Rg4+ {[%emt 0:00:04]} Kf6 {[%emt 0:00:01]} 35. Rh4 {[%emt 0:00:03]} Kg7 {[%emt 0:00:11]} 36. Rg4+ Kh8 37. h4 {[%emt 0:00:14]} Rxb2 {[%emt 0:00:02]} 38. h5 {[%emt 0:00:01]} Rb4 {[%emt 0:00:01]} 39. Rg5 {[%emt 0:00:03]} Rxa4 {[%emt 0:00:04]} 40. h6 {[%emt 0:00:01]} Bf8 {[%emt 0:00:04]} 0-1

[Event "RUS-ch Men Blitz 2019"]
[Site "Sochi"]
[Date "2019.10.17"]
[Round "14.14"]
[White "Zakaryan, David"]
[Black "Bocharov, Dmitry"]
[Result "0-1"]
[WhiteElo "2338"]
[BlackElo "2519"]
[Annotator "ChessBase"]
[PlyCount "89"]
[EventDate "2019.10.17"]
[EventType "swiss"]
[EventCountry "RUS"]
[SourceTitle "playchess.com"]
[Source "ChessBase"]
[SourceQuality "1"]
[TimeControl "180+2"]

1. e4 g6 {[%emt 0:00:00]} 2. d4 {[%emt 0:00:01]} Bg7 {[%emt 0:00:01]} 3. Nc3 {[%emt 0:00:01]} d6 {[%emt 0:00:02]} 4. Bg5 {[%emt 0:00:01]} a6 {[%emt 0:00:03]} 5. f4 {[%emt 0:00:02]} b5 {[%emt 0:00:02]} 6. Nf3 {[%emt 0:00:02]} Bb7 {[%emt 0:00:02]} 7. Bd3 {[%emt 0:00:01]} Nd7 {[%emt 0:00:01]} 8. e5 {[%emt 0:00:01]} c5 {[%emt 0:00:07]} 9. Be4 {[%emt 0:00:39]} Qc8 {[%emt 0:00:41]} 10. exd6 {[%emt 0:00:10]} cxd4 {[%emt 0:00:50]} 11. Nd5 {[%emt 0:00:30]} exd6 {[%emt 0:00:03]} 12. Qe2 {[%emt 0:00:01]} Kf8 {[%emt 0:00:11]} 13. Ne7 {[%emt 0:00:22]} Nxe7 {[%emt 0:00:07]} 14. Bxe7+ {[%emt 0:00:24]} Kg8 {[%emt 0:00:01]} 15. Bxd6 {[%emt 0:00:05]} Bxe4 {[%emt 0:00:34]} 16. Qxe4 {[%emt 0:00:01]} d3 {[%emt 0:00:17]} 17. cxd3 {[%emt 0:00:21]} Bxb2 {[%emt 0:00:03]} 18. Rb1 {[%emt 0:00:09]} Nf6 {[%emt 0:00:02]} 19. Qe2 {[%emt 0:00:16]} Bc3+ {[%emt 0:00:02]} 20. Kf2 {[%emt 0:00:05]} Qc6 {[%emt 0:00:08]} 21. Be5 {[%emt 0:00:02]} Ng4+ {[%emt 0:00:05]} 22. Kg3 {[%emt 0:00:01]} Nxe5 {[%emt 0:00:01]} 23. fxe5 {[%emt 0:00:06]} Qd5 {[%emt 0:00:03]} 24. d4 {[%emt 0:00:03]} Kg7 {[%emt 0:00:04]} 25. Rhd1 {[%emt 0:00:02]} Rhc8 {[%emt 0:00:01]} 26. Qe3 {[%emt 0:00:02]} b4 {[%emt 0:00:08]} 27. Qf4 {[%emt 0:00:01]} Rc6 {[%emt 0:00:02]} 28. a3 {[%emt 0:00:05]} a5 {[%emt 0:00:01]} 29. axb4 {[%emt 0:00:01]} axb4 {[%emt 0:00:01]} 30. Rd3 {[%emt 0:00:06]} Ra2 {[%emt 0:00:02]} 31. Rf1 {[%emt 0:00:01]} Re2 {[%emt 0:00:05]} 32. Re3 {[%emt 0:00:12]} Rxe3 {[%emt 0:00:02]} 33. Qxe3 {[%emt 0:00:00]} b3 {[%emt 0:00:02]} 34. Rb1 {[%emt 0:00:01]} b2 {[%emt 0:00:01]} 35. Qf4 {[%emt 0:00:03]} h6 {[%emt 0:00:02]} 36. Qe3 {[%emt 0:00:01]} Rc4 {[%emt 0:00:01]} 37. h3 {[%emt 0:00:02]} Rc6 {[%emt 0:00:04]} 38. Kh2 {[%emt 0:00:00]} g5 {[%emt 0:00:02]} 39. Qd3 {[%emt 0:00:03]} Qc4 {[%emt 0:00:03]} 40. Qe4 {[%emt 0:00:02]} Ra6 {[%emt 0:00:05]} 41. h4 {[%emt 0:00:02]} Qc6 {[%emt 0:00:04]} 42. Qe2 {[%emt 0:00:08]} Qg6 {[%emt 0:00:02]} 43. Qf1 Ra1 {[%emt 0:00:01]} 44. Nd2 {[%emt 0:00:09]} Bxd2 {[%emt 0:00:02]} 45. Rxa1 {[%emt 0:00:01]} 0-1